000 00469nam a2200181Ia 4500
003 GCL
008 140319s9999 xx 000 0 eng d
040 _aGCL /
_cGCL
082 0 4 _a005.3
_bS W
100 1 _aSTEPHEN, MOIRA
245 1 0 _aWORD PRO: MADE SIMPLE /
_cSTEPHEN, MOIRA
260 _a[S.N] :
_bMADE SIMPLE BOOKS ،
_c1990
300 _a150 P
490 _aMADE SIMPLE BOOK
_v0
650 0 4 _aشعر الحرب
650 0 4 _aWORD PROCESSING
942 _2ddc
_cBK
999 _c10551
_d10551